000 00484nam a22001937a 4500
003 MPLRDC
005 20220104123319.0
008 210129b ||||| |||| 00| 0 eng d
020 _a7-108-00363-5
082 _a947.411 CZZ-6 v.12
100 _a蔡志忠
245 _a韩非子说: 法家的峻言
_c
250 _a一版二刷
260 _a
_b三联书店
_c1990
300 _b
490 _a蔡志忠漫画
650 _a蔡志忠漫画
942 _cBK
_o947.411 CZZ-6 v.12
999 _c10325
_d10315